000
00334nam a22001457a 4500
003
SGT
020
_a
978-93-87085-11-4
082
_a
344.04
_b
NAN
100
_a
NANJWADE, SASAVARAJ K.
245
_a
PHARMACEUTICAL JURISPRUDENCE
260
_a
INDIA
_b
CBS PUB.
_c
2021
300
_a
376
650
_a
JURISPRUDENCE
942
_2
ddc
_c
BK
999
_c
32466
_d
32466